|
|
|
|
| LEADER |
01887nem a2200397 a 4500 |
| 001 |
001137714 |
| 003 |
CZ BrMZK |
| 005 |
20140930135115.0 |
| 007 |
aj|c|||| |
| 008 |
110203s1940 xr |||||||a |r|||||ger d |
| 034 |
1 |
|
|a a
|b 46000
|d E0140845
|e E0142419
|f N0503053
|g N0501934
|
| 040 |
|
|
|a BOA001
|b cze
|
| 041 |
0 |
|
|a ger
|a cze
|
| 043 |
|
|
|a e-xr---
|b e-xr-us
|2 czenas
|
| 072 |
|
7 |
|a 631
|x Zemědělství. Pedologie. Agrotechnika. Agroekologie
|2 Konspekt
|9 24
|
| 072 |
|
7 |
|a 912
|x Mapy. Atlasy. Glóby
|2 Konspekt
|9 7
|
| 080 |
|
|
|a 631.4
|2 MRF
|
| 080 |
|
|
|a (437.315)
|2 MRF
|
| 080 |
|
|
|a (084.3)631.4
|2 MRF
|
| 100 |
1 |
|
|a Janovský, Josef,
|d 1899-
|7 jk01051116
|4 ctg
|
| 245 |
1 |
0 |
|a Bodenkarte des Bezirkes Raudnitz a.d.E.
|h [kartografický dokument] =
|b Půdní mapa okresu Roudnice n.L. /
|c durchgeführt im Protektorats-Institute für Bodenkunde ; der Verfasser: J. Janovský ; der Direktor: J. Spirhanzl
|
| 246 |
3 |
1 |
|a Půdní mapa okresu Roudnice n.L.
|
| 255 |
|
|
|a Měřítko [ca 1:46 000]
|c (014°08´45" v.d.--014°24´19" v.d./050°30´53" s.š.--050°19´34" s.š.)
|
| 260 |
|
|
|a Prag :
|b Protektorats-Institut für Bodenkunde,
|c 1940
|f (Reproduktion geographisches Institut des Min. des Innern)
|
| 300 |
|
|
|a 1 mapa :
|b barev. ;
|c 87 x 65 cm, na listu 97 x 75 cm, složeno na 49 x 38 cm
|
| 562 |
|
|
|a Razítko: Důvěrné
|5 CZ-BrMZK
|
| 650 |
0 |
7 |
|a pedologie
|7 ph115706
|2 czenas
|
| 655 |
|
4 |
|a pedologické mapy
|
| 651 |
|
7 |
|a Roudnice nad Labem (Česko : oblast)
|7 ge130669
|2 czenas
|
| 700 |
1 |
|
|a Spirhanzl-Duriš, Jaroslav,
|d 1889-1960
|7 jk01120689
|4 oth
|
| 710 |
1 |
|
|a Protektorát Čechy a Morava.
|b Ústav pro půdoznalství
|
| 710 |
1 |
|
|a Protektorát Čechy a Morava.
|b Ministerstvo vnitra.
|b Zeměpisný ústav
|
| 856 |
4 |
1 |
|u http://www.digitalniknihovna.cz/mzk/uuid/uuid:b62a1f52-1809-4c2c-a20d-bda0129ec121
|y Digitalizovaný dokument
|
| 910 |
|
|
|a BOA001
|b Mpa-0165.616
|
| 990 |
|
|
|a MP
|
| 991 |
|
|
|b 201101
|